000 00418nam a22001697a 4500
005 20180809152254.0
008 160624b xxu||||| |||| 00| 0 eng d
020 _a81-89086-51-0
041 _aeng
082 _b9927
_a658.3
100 _aSaini, Dr. A.K. and Pathak, Sanjay Kumar
_92688
245 _aManagement of Human Resource
260 _bGPH
_c2007
300 _a281
650 _aManagement
_9241
942 _cBK
999 _c3873
_d3872